000 00425nam a2200145Ia 4500
008 210716s2012 xx 000 0 und d
020 _a9788126531714
041 _aeng
082 _a332.63204 VERP
100 _aVeronesi, Pietro.
245 _aFixed income security: valuation risk and risk management.
_bValuation risk and risk management.
250 _a1
260 _aNew Delhi
_bWiley India
_c2012
300 _axxxi,805
999 _c207431
_d207431